000 01003nam a22002657a 4500
001 7323
003 FISKH
005 20250709140411.0
008 250709b cb ||||| |||| 00| 0 eng d
020 _a9781453065976
040 _aFISKH
_beng
_cFISKH
_dFISKH
050 _a PS1305.C55 H
082 _a813.4
100 _aTwain, Mark
_d(1835–1910)
245 _aThe adventures of Huckleberry Finn /
_cCondensed and Adapted by Clay Stafford ; Illustrated by Ruth Palmer ; Cover Illustrated by Tom Newsom
250 _aThis edition first published in 2013
260 _aFranklin :
_bDalmatian,
_c2013
300 _a180 pages :
_billustrations ;
_c21 cm
520 _aHuck Finn and a runaway slave named Jim run away and float down the Mississippi River on a raft, experiencing all kinds of adventures.
650 _2Twain
_a Children's classic
650 _2Junior Classics for Young Readers
_aAmerican West Frontier
700 _aPalmer, Ruth
_dillustrator
942 _2ddc
_cBK
_n0
999 _c7323
_d7323